Pokémon: Legends Arceus Pokédex - Statistics

General Stats
  • This quiz has been taken 660 times
  • The average score is 193 of 242
Answer Stats
No. (#) Name % Correct
4 Cyndaquil
94%
1 Rowlet
93%
10 Bidoof
92%
7 Oshawott
92%
6 Typhlosion
92%
11 Bibarel
91%
5 Quilava
91%
9 Samurott
91%
12 Starly
91%
238 Arceus
90%
3 Decidueye
90%
8 Dewott
90%
235 Dialga
90%
16 Luxio
90%
17 Luxray
90%
236 Palkia
90%
15 Shinx
90%
14 Staraptor
90%
13 Staravia
90%
72 Scyther
89%
2 Dartrix
88%
25 Eevee
88%
46 Geodude
88%
47 Graveler
88%
31 Leafeon
88%
74 Scizor
88%
30 Umbreon
88%
29 Espeon
87%
28 Flareon
87%
32 Glaceon
87%
48 Golem
87%
27 Jolteon
87%
73 Kleavor
87%
23 Ponyta
87%
24 Rapidash
87%
19 Silcoon
87%
49 Stantler
87%
33 Sylveon
87%
26 Vaporeon
87%
18 Wurmple
87%
61 Chimchar
86%
237 Giratina
86%
56 Pikachu
86%
21 Cascoon
85%
242 Darkrai
85%
80 Magikarp
85%
151 Arcanine
84%
20 Beautifly
84%
41 Buizel
84%
22 Dustox
84%
163 Empoleon
84%
136 Gastly
84%
138 Gengar
84%
137 Haunter
84%
63 Infernape
84%
175 Magmar
84%
240 Manaphy
84%
62 Monferno
84%
239 Phione
84%
55 Pichu
84%
161 Piplup
84%
57 Raichu
84%
90 Roselia
84%
202 Sneasel
84%
52 Snorlax
84%
130 Turtwig
84%
50 Wyrdeer
84%
58 Abra
83%
60 Alakazam
83%
182 Elekid
83%
42 Floatzel
83%
150 Growlithe
83%
81 Gyarados
83%
224 Lucario
83%
174 Magby
83%
176 Magmortar
83%
51 Munchlax
83%
223 Riolu
83%
241 Shaymin
83%
203 Sneasler
83%
129 Togekiss
83%
216 Avalugg
82%
167 Basculegion
82%
88 Blissey
82%
89 Budew
82%
43 Burmy
82%
87 Chansey
82%
183 Electabuzz
82%
184 Electivire
82%
188 Gabite
82%
189 Garchomp
82%
187 Gible
82%
206 Glalie
82%
59 Kadabra
82%
155 Machoke
82%
154 Machop
82%
45 Mothim
82%
162 Prinplup
82%
121 Rhydon
82%
122 Rhyperior
82%
91 Roserade
82%
205 Snorunt
82%
112 Teddiursa
82%
127 Togepi
82%
132 Torterra
82%
114 Ursaluna
82%
113 Ursaring
82%
204 Weavile
82%
44 Wormadam
82%
222 Braviary
81%
207 Froslass
81%
131 Grotle
81%
228 Heatran
81%
108 Hippowdon
81%
94 Lilligant
81%
156 Machamp
81%
178 Magneton
81%
120 Rhyhorn
81%
128 Togetic
81%
166 Basculin
80%
230 Cresselia
80%
193 Electrode
80%
104 Gallade
80%
103 Gardevoir
80%
86 Happiny
80%
107 Hippopotas
80%
102 Kirlia
80%
39 Kricketot
80%
40 Kricketune
80%
177 Magnemite
80%
179 Magnezone
80%
226 Mesprit
80%
101 Ralts
80%
221 Rufflet
80%
225 Uxie
80%
192 Voltorb
80%
78 Aipom
79%
79 Ambipom
79%
227 Azelf
79%
215 Bergmite
79%
70 Combee
79%
38 Drifblim
79%
37 Drifloon
79%
198 Mismagius
79%
229 Regigigas
79%
139 Spiritomb
79%
100 Toxicroak
79%
67 Cherrim
78%
99 Croagunk
78%
117 Goodra
78%
115 Goomy
78%
197 Misdreavus
78%
118 Onix
78%
93 Petilil
78%
84 Qwilfish
78%
218 Abomasnow
77%
66 Cherubi
77%
234 Enamorus
77%
83 Gastrodon
77%
141 Honchkrow
77%
65 Lopunny
77%
140 Murkrow
77%
85 Overqwil
77%
111 Skuntank
77%
116 Sliggoo
77%
119 Steelix
77%
181 Bronzong
76%
180 Bronzor
76%
64 Buneary
76%
92 Carnivine
76%
152 Glameow
76%
35 Golbat
76%
233 Landorus
76%
76 Mime Jr.
76%
77 Mr. Mime
76%
153 Purugly
76%
82 Shellos
76%
110 Stunky
76%
71 Vespiquen
76%
34 Zubat
76%
36 Crobat
75%
149 Drapion
75%
159 Dusclops
75%
172 Finneon
75%
185 Gligar
75%
186 Gliscor
75%
194 Rotom
75%
148 Skorupi
75%
217 Snover
75%
232 Thundurus
75%
231 Tornadus
75%
220 Zoroark
75%
219 Zorua
75%
211 Bastiodon
74%
160 Dusknoir
74%
158 Duskull
74%
69 Golduck
74%
173 Lumineon
74%
165 Mantine
74%
164 Mantyke
74%
68 Psyduck
74%
209 Rampardos
74%
210 Shieldon
74%
105 Yanma
74%
106 Yanmega
74%
208 Cranidos
73%
214 Mamoswine
73%
213 Piloswine
73%
133 Porygon
73%
135 Porygon-Z
73%
212 Swinub
73%
95 Tangela
73%
157 Chatot
72%
125 Lickitung
72%
109 Pachirisu
72%
134 Porygon2
72%
96 Tangrowth
72%
145 Walrein
72%
123 Bonsly
71%
201 Clefable
71%
200 Clefairy
71%
147 Octillery
71%
146 Remoraid
71%
143 Spheal
71%
124 Sudowoodo
71%
126 Lickilicky
70%
144 Sealeo
70%
195 Chingling
69%
168 Vulpix
69%
196 Chimecho
68%
199 Cleffa
68%
190 Nosepass
68%
169 Ninetales
67%
191 Probopass
67%
170 Tentacool
66%
171 Tentacruel
66%
142 Unown
66%
53 Paras
65%
54 Parasect
65%
97 Barboach
63%
75 Heracross
63%
98 Whiscash
62%
No matching quizzes found
Score Distribution
Percent of People with Each Score
Percentile by Number Answered
Your Score History
You have not taken this quiz